| 000 | 00677nam a22001935i 4500 | ||
|---|---|---|---|
| 001 | 52936 | ||
| 003 | ES-MaACL | ||
| 005 | 20250928115822.0 | ||
| 007 | t| | ||
| 008 | 950905s1876 gw ||||1| ita d | ||
| 040 |
_aCAM _bspa _cCAM |
||
| 111 | 2 |
_aConcilio de Trento _d(1545-1563) _9135069 |
|
| 245 | 1 | 0 |
_aUngedruckte berichte und tagebücher zur geschichte des Concils von Trient / _cherausgegeben von J. v. Döllinger. |
| 260 |
_aNördlingen : _bdruck and verlag der C.H. Beck'Schen Buchhandlung, _c1876. |
||
| 300 |
_aXXVII, 326 p. ; _c24 cm. |
||
| 700 | 1 |
_aDöllinger, Ignaz von, _d1799-1890 _9166933 |
|
| 852 |
_aES-MaACL _jG-2540-1 |
||
| 999 |
_c52936 _d52936 |
||